000 004320000a22001810004500
003 MACL
005 20150913152531.0
008 150913b xxu||||| |||| 00| 0 eng d
040 _aMACL
_cMACL
041 _aEnglish
082 _a823/CHA
100 _aChaudhuri Nirad C
_910848
245 _aA Passage To England
260 _bOrient Paperbacks
_c1994
_aDelhi
350 _a80
650 _aFicition
_910850
942 _cBK
_k823
_2ddc
999 _c2577
_d2577